000
00338nam a2200133Ia 4500
003
PILC
008
220421s2008 xx 000 0 und d
040
_c
EARIST LIBRARY
100
_a
Lydia L. Libunao
_9
930
245
0
_a
Modyul sa Filipino i /
260
_a
Manila Philippines:Rex Bookstore,
_c
2008.
999
_c
2300
_d
2300
942
_2
ddc
_c
BK